Imiona reprezentantów Polski w piłce nożnej - Statystyki

Ogólne statystyki
  • Ten quiz został rozwiązany 101 razy
  • Średni wynik to 50 z 148
Statystyki odpowiedzi
Liczba Imię Nazwiska % Poprawnych
36 Jan Badura Banaś Bednarek Benigier Białas Domarski Drapała Durka Erlich Furtok Gawroński Gomola Jałocha Karaś Karwecki Kauder Kotlarczyk Kowalski Lesiak Leszczyński Liberda Loth Luxenburg Pająk Przecherka Rudnow Schmidt Sobol Tomaszewski Urban Wasiewicz Wilim Wiśniewski Włodarczyk Wojciechowski Wraży
92%
26 Piotr Brol Brożek Brzoza Celeban Czachowski Czaja Ćwielong Danielak Drzewiecki Giza Jegor Kuklis Madejski Mowlik Nowak Piechniak Polczak Reiss Rzepka Skrobowski Słomiany Soczyński Suski Świerczewski Włodarczyk Zieliński
92%
22 Jerzy Brzęczek Bułanow Dudek Dworczyk Gorgoń Jóźwiak Jurowicz Kasalik Kraska Krasówka Ludyga Musiałek Orłowski Otfinowski Piec Podbrożny Sadek Wijas Wilim Wostal Woźniak Wyrobek
91%
32 Tomasz Bandrowski Brzyski Cebula Ciesielski Dawidowski Dziubiński Frankowski Hajto Iwan Jarzębowski Jodłowiec Kędziora Kiełbowicz Kłos Korynt Kos Kulawik Kupisz Kuszczak Lenart Lisowski Łapiński Mazurkiewicz Moskała Nowak Rząsa Sokołowski Stefaniszyn Wałdoch Wieszczycki Zahorski Zdebel
91%
21 Paweł Bochniewicz Brożek Cyganek Dawidowicz Drumlak Golański Janas Janik Kaczorowski Kowalski Król Kryszałowicz Lubina Magdoń Olkowski Orzechowski Sibik Skrzypek Sobek Wojtala Wszołek
90%
20 Krzysztof Adamczyk Baran Baszkiewicz Bizacki Budka Bukalski Frankowski Hausner Kajrys Maciejewski Mączyński Nowak Pawlak Piątek Piskuła Ratajczyk Rześny Sobieski Urbanowicz Warzycha
84%
13 Łukasz Broź Fabiański Garguła Madej Mierzejewski Piszczek Skorupski Sosin Surma Szukała Teodorczyk Trałka Załuska
79%
11 Arkadiusz Bąk Głowacki Gmur Kaliszan Kubik Milik Onyszko Piech Radomski Reca Woźniak
78%
6 Artur Boruc Jędrzejczyk Marczewski Sobiech Wichniarek Woźniak
78%
14 Kazimierz Buda Deyna Górski Kaczor Kaszuba Kmiecik Moskal Polok Przybyś Seichter Sidorczuk Sokołowski Trampisz Węgrzyn
78%
18 Adam Danch Fedoruk Haliszka Kensy Knioła Kogut Kokoszka Ledwoń Majewski Marciniak Matuszczyk Matysek Michel Milczarski Musiał Nawałka Walczak Zejer
77%
17 Grzegorz Bartczak Bonin Bronowicki Kaliciak Krychowiak Lato Lewandowski Mielcarski Pater Piechna Rasiak Sandomierski Stencel Szamotulski Tomala Wędzyński Wojtkowiak
77%
18 Jacek Bayer Bąk Bednarz Berensztajn Bobrowicz Chańko Dembiński Duchowski Gmoch Góralski Grembocki Kazimierski Kiełb Kowalczyk Krzynówek Płuciennik Zieliński Ziober
77%
8 Bartosz Bereszyński Białkowski Bosacki Kapustka Karwan Rymaniak Salamon Ślusarski
76%
10 Jakub Błaszczykowski Kosecki Moder Rzeźniczak Słowik Świerczok Tosik Wawrzyniak Wierzchowski Wilk
76%
6 Kamil Glik Grosicki Jóźwiak Kosowski Piątkowski Wilczek
76%
17 Michał Filek Flieger Gębura Gliwa Goliński Helik Karbownik Kucharczyk Masłowski Matyas Miśkiewicz Pazdan Stasiak Wróbel Zieliński Żewłakow Żyro
76%
7 Wojciech Golla Kowalczyk Kowalewski Łobodziński Rudy Szczęsny Tyc
76%
13 Zbigniew Boniek Gut Hnatio Jaskowski Kaczmarek Kwaśniewski Mikołajów Myga Niziński Płaszewski Robakiewicz Szarzyński Wyciszkiewicz
76%
15 Maciej Iwański Jankowski Makuszewski Małkowski Murawski Nalepa Rybus Sadlok Scherfchen Stolarczyk Szczęsny Śliwowski Terlecki Wilusz Żurawski
73%
18 Marcin Adamski Baszczyński Burkhardt Jałocha Kaczmarek Kamiński Kikut Komorowski Kowalczyk Kuś Kuźba Mięciel Nowacki Radzewicz Robak Wasilewski Zając Żewłakow
73%
7 Robert Gadocha Gronowski Grzywocz Gumny Kolendowicz Lewandowski Warzycha
73%
22 Andrzej Bledzewski Buncol Drozdowski Fischer Iwan Jarosik Jaskot Juskowiak Kobylański Lesiak Niedzielan Pałasz Przeworski Rewilak Rudy Sikorski I Sikorski II Sykta Szarmach Woźniak Zgutczyński Zygmunt
72%
7 Sebastian Boenisch Małkowski Mila Przyrowski Szymański Tyrała Walukiewicz
72%
6 Karol Dziwisz Hanke Kossok Linetty Pazurek Świderski
69%
20 Marek Biegun Chojnacki Citko Dziuba Godlewski Jóźwiak Koniarek Kostrzewa Koźmiński Kusto Leśniak Ługowski Motyka Ostrowski Rzepka Saganowski Szczech Świerczewski Zając Zieńczuk
69%
4 Przemysław Frankowski Kaźmierczak Płacheta Tytoń
69%
8 Radosław Cierzniak Gilewicz Kałużny Majdan Majewski Matusiak Michalski Sobolewski
69%
13 Rafał Augustyniak Boguski Grzelak Kaczmarczyk Kosznik Kurzawa Lasocki Leszczyński Murawski Pietrzak Siadaczka Szwed Wolski
67%
12 Mariusz Jop Kukiełka Lewandowski Liberda Mowlik Nosal Pawelec Pawełek Pawlak Piekarski Stępiński Śrutwa
66%
5 Damian Dąbrowski Gorawski Kądzior Łukasik Szymański
65%
14 Dariusz Adamczuk Dudka Dziekanowski Fornalak Gęsior Grzesik Kubicki Marciniak Pietrasiak Rzeźniczek Skrzypczak Szubert Wdowczyk Żuraw
65%
36 Henryk Alszer Apostel Bałuszyński Bartyla Bobula Bolesta Borucz Bożek Brejza Czech Frymarkiewicz Gajdzik Gronowski Grzybowski Janduda Janikowski Jaźnicki Kasperczak Kempny Latocha Maculewicz Martyna Mikunda Miłoszewicz Pietrek Przeździecki Reyman Rybicki Skromny Spodzieja Stroniarz Szczepański Szymanowski Szymborski Wawrowski Wieczorek
65%
8 Waldemar Adamczyk Folbrycht Jaskulski Kryger Matysik Prusik Sobota Waleszczyk
64%
4 Sławomir Majak Paluch Peszko Wojciechowski
63%
7 Włodzimierz Ciołek Krygier Lubański Mazur Smolarek Śpiewak Wojciechowski
63%
1 Thiago Cionek
60%
4 Dawid Janczyk Kownacki Nowak Plizga
58%
1 Euzebiusz Smolarek
58%
18 Antoni Amirowicz Barwiński Böttcher Gałecki Janik Keller Komendo-Borowski Konopelski Kot Łukasiewicz Łyko Malczyk Nieroba Piasecki Piechniczek Szymanowski Śledź Trzaskowski
55%
29 Józef Adamek Adamiec Ciszewski Dankowski Gałeczka Garbień Gomoluch Kałuża Klotz Kohut Kokot Kopicera Korbas Kotlarczyk Kubiński Kwiatkowski Machnik Mamoń Młynarczyk Nawrot Oprych Słonecki Smoczek Sobotta Szewczyk Walczak Wandzik Wieczorek Żiżka
53%
1 Tymoteusz Puchacz
53%
1 Emmanuel Olisadebe
52%
2 Ernest Pohl Wilimowski
51%
2 Igor Lewczuk Sypniewski
51%
1 Ireneusz Jeleń
51%
1 Roger Guerreiro
51%
11 Janusz Baran Gancarczyk Gol Góra Jojko Kowalik Kupcewicz Nawrocki Stawarz Sybis Żmijewski
50%
3 Mateusz Cetnarski Klich Zachara
50%
1 Ludovic Obraniak
48%
2 Ariel Borysiuk Jakubowski
47%
1 Damien Perquis
47%
11 Mirosław Bąk Bulzacki Justek Kubisztal Okoński Pękala Rzepa Sznaucner Szymkowiak Tłokiński Trzeciak
47%
1 Eugen Polanski
45%
7 Jarosław Araszkiewicz Bako Bieniuk Gierejkiewicz Góra Jach Nowicki
45%
4 Krystian Bielik Michalik Szuster Walot
45%
1 Taras Romanczuk
45%
18 Władysław Gędłek Giergiel Grotyński Gzel Karasiak Kawula Kowalski Król Krupa Olearczyk Pawłowski Prymka Przybysz Soporek Stachurski Szaryński Szczepaniak Żmuda
45%
2 Bartłomiej Drągowski Grzelak
43%
18 Ryszard Budka Cyroń Czerwiec Grzegorczyk Jankowski Komornicki Kraus Łysakowski Mańko Milewski Piec Polak Robakiewicz Staniek Szpakowski Szymczak Tarasiewicz Wyrobek
43%
17 Roman Bazan Dąbrowski Durniok Faber Geszlecht Jakóbczak Jańczyk Kasprzyk Kłaczek Korynt Kosecki Lentner Mrugała Ogaza Strzałkowski Szewczyk Wójcicki
41%
3 Adrian Budka Mierzejewski Sikora
40%
2 Cezary Kucharski Wilk
35%
1 Dominik Furman
35%
6 Hubert Banisz Gad Kostka Pala Skowronek Wołąkiewicz
35%
1 Kacper Kozłowski
34%
2 Lucjan Brychczy Rudnicki
31%
2 Patryk Małecki Rachwał
31%
20 Stanisław Andrzejewski Baran Burzyński Cikowski Czulak Deutschmann Flanek Fołtyn Gzil Hachorek Kaźmierczak Majcher Malczyk Mielech Oślizło Paździor Ptak Sobczyński Terlecki Wójcik
30%
3 Filip Kmiciński Modelski Starzyński
29%
3 Gerard Cieślik Suszczyk Wodarz
28%
1 Seweryn Gancarczyk
28%
4 Leszek Iwanicki Jezierski Lipka Pisz
27%
13 Stefan Domański Doniec Fliegel Florenski Fryc Kisieliński Lasota Loth Majewski Popiel Sumara Szefer Śliwa
27%
2 Bogusław Widawski Wyparło
26%
1 Lesław Ćmikiewicz
26%
2 Daniel Bogusz Łukasik
24%
1 Olgierd Moskalewicz
22%
1 Vahan Gevorgyan
22%
1 Alan Czerwiński
20%
5 Aleksander Kahane Kłak Mysiak Pychowski Tupalski
20%
1 Sylwester Czereszewski
20%
4 Teodor Anioła Peterek Wieczorek Wieliszek
20%
1 Szymon Pawłowski
19%
13 Zygmunt Anczok Chruściński Gadecki Garłowski Kalinowski Krumholz Kukla Kulawik Maszczyk Ochmański Otto Schmidt Steuermann
19%
2 Konrad Gołoś Kornek
17%
1 Bogdan Zając
16%
17 Marian Czachor Einbacher Fontowicz Jabłoński Kielec Kiliński Kozerski Łącz Machowski Markiewicz Masłoń Norkowski Nowara Ostafiński Schaller Spojda Szeja
16%
16 Tadeusz Błachno Dolny Glimas Hogendorf Jakubczyk Konkiewicz Małnowicz Nowak Parpan Pawłowski Polak Synowiec Świątek Świcarz Waśko Zastawniak
15%
5 Czesław Boguszewicz Ciupa Jakołcewicz Rajtar Uznański
14%
1 Fritz Scherfke
13%
3 Joachim Marx Pierzyna Stachuła
13%
4 Wiesław Cisek Jańczyk Pajor Wraga
13%
8 Zdzisław Bieniek Janik Kapka Kostrzewa Mordarski Puszkarz Styczeń Wesołowski
13%
3 Zygfryd Blaut Słoma Szołtysik
13%
1 Bernard Blaut
12%
11 Edward Bill Brzozowski Dytko Jabłoński Jankowski Konietzny Madejski Müller Nyc Szymkowiak Załężny
12%
10 Witold Bendkowski Gieras Karaś Kasperski Majewski Przykucki Sikorski Szyguła Wenclewski Wypijewski
12%
4 Eugeniusz Cebrat Faber Kubicki Wilczkiewicz
10%
3 Juliusz Joksch Kruszankin Müller
10%
10 Mieczysław Balcer Batsch Czajkowski Gracz Szczurek Szewczyk Szumiec Tarka Wiśniewski Zimowski
10%
2 Romuald Chojnacki Kujawa
10%
1 Alojzy Łysko
9%
2 Wacław Kuchar Sąsiadek
9%
2 Walter Brom Winkler
9%
6 Edmund Białas Giemsa Kowal Majowski Twórz Zientara
8%
2 Erwin Michalski Wilczek
8%
3 Ewald Cebula Urban Wiśniowski
8%
2 Zenon Kasztelan Sroczyński
8%
1 Bohdan Masztaler
7%
4 Bronisław Bula Fichtel Makowski Seichter
7%
2 Hieronim Barczak Schwartz
7%
1 Horst Mahseli
7%
3 Ludwik Gintel Schneider Szabakiewicz
7%
3 Alfred Kokot Olek Pochopień
6%
6 Bolesław Cichecki Gendera Habowski Lewandowski Smólski Szadkowski
6%
1 Fryderyk Monica
6%
1 Lechosław Olsza
6%
2 Leon Radojewski Sperling
6%
1 Marceli Strzykalski
6%
2 Rudolf Patkolo Wojtowicz
6%
1 Spirydion Albański
6%
2 Wawrzyniec Cyll Staliński
6%
2 Adolf Krzyk Zimmer
5%
1 August Milde
5%
1 Engelbert Jarek
5%
6 Franciszek Cebulak Giebartowski Pytel Sobkowiak Tim Zastawniak
5%
1 Ginter Gawlik
5%
2 Leonard Malik Piątek
5%
1 Modest Boguszewski
5%
1 Norbert Gajda
5%
1 Wilhelm Góra
5%
2 Emil Görlitz Skrynkowicz
3%
2 Helmut Cichoń Nowak
3%
1 Leopold Duźniak
3%
1 Eryk Tatuś
2%
1 Gustaw Bator
2%
1 Ignacy Dybała
2%
1 Izydor Redler
2%
1 Kajetan Kryszkiewicz
2%
1 Klaus Masseli
2%
1 Longin Korwin-Pawłowski
2%
2 Maksymilian Barański Koźmin
2%
1 Oskar Brajter
2%
1 Otto Riesner
2%
1 Symplicjusz Zwierzewski
2%
1 Walerian Kisieliński
2%
1 Mikołaj Jerominek
1%
Nie znaleziono quizów pasujących do podanych kryteriów
Rozkład punktacji
Procent ludzi z każdym wynikiem
Percentyl według liczby udzielonych odpowiedzi
Twoja historia wyników
Nie rozwiązałeś tego quizu